00810cam a2200241 a 4500001001000000003000400010005001700014008004100031020001500072040002500087082001900112100003000131245008500161260004100246300002600287490002200313500006300335504005500398650002300453650003500476650003300511650002400544000013042OSt20250721105519.0941227s1994 ck a b 001 0 spa d a9586480798 aDO-SdBNPbspacBNPHU a352.086bC965a1 aCuello Duarte, Francisco.10aAlcaldes :blíderes y gerentes del nuevo municipio /cFrancisco Cuello Duarte. aBogotá, (Colombia) :bEcoe,c1994. axii, 176 p. ;c21 cm.1 aInterés general a"Cómo alcanzar una alcaldía y como sostenerse en ella" aIncluye referencias bibliográficas (p. 175-176). 4aAlcaldeszColombia 4aAlcaldeszColombiaxElección 4aGobierno municipalzColombia 0aGobierno municipal